000 01378cam a22002055a 4500
001 L139844
008 110516s2007 xxk f 000 0 eng d
035 _a(Sirsi) u139844
041 0 _aeng
050 0 4 _a711.52 $2 18
110 2 _aInvestment Property Databank
_92288
245 0 0 _aIPD regeneration index
_bsummer 2007
_h[electronic resource]
260 _aLondon
_bIPD
_c2007
520 _aFinds that total returns for all property in regeneration areas have outperformed all UK property over the last five years. There is no significant long term disadvantage in investing in regeneration areas, and some advantages are noticeable. Investing in regeneration areas is now considered mainstream, as the level of risk and volatility has reduced since 1996. High investor appetite is reflected in regeneration areas. The retail sector has been a driving force. Office property returns are strong. Industrial regeneration property has performed well, with secure returns over time. Regeneration areas are associated with significant capital value growth for residential areas.
590 _aKA NTK
651 4 _aEngland and Wales
_y1543-
690 _aPROPERTY-COMMERCIAL PROPERTY-COMMERCIAL PROPERTY FINANCE AND INVESTMENT
856 4 0 _uhttps://www.regenwm.org/media/documents/urbanregenerationindex200711.pdf
_zView the item free of charge at www.regenwm.org
942 _n0
999 _c107364
_d107364